000 00799nam a2200229Ia 4500
001 1003
003 GE_BSU
008 181216s||||||||xx |||||||||||||| ||und||
020 _a9785238014074
040 _cGE_BSU
080 _a368(076)
100 _aНикулина,Н.Н; Березина,С.В;
245 _aСтрахование.Практикум.учебное пособие для студ.по спец.,,Финансы и кредиты". ,,Бухалтерский учет анализ и Аудит",
245 _b,,Коммерция, Налоги",,Антикризисное управление,
260 _aМосква
260 _bЮНИТИ-ДАНА
260 _c2008
300 _a271 с.
541 _h8 л.
653 _aСтрахование.
942 _cBK
999 _c35160
_d35160